Retrouvez qui a dit cette réplique (disney/pixar) #8 - Statistiques

Statistiques générales
  • Ce quiz a été pris 690 fois
    548 depuis la dernière actualisation
  • Le résultat moyen est 4 sur 15
Statistiques - réponses
Hint Réplique Réponse % Correct
1 Avant l'aube de ses seize ans elle se piquera le doigt à la pointe d'une quenouille. Maléfique (La belle au bois dormant)
95%
8 J'ai passée 18 ans de ma vie à regarder le monde de ma fenêtre tout en rêvant à ce que l'on peut ressentir en voyant ces lanternes. Raiponce
89%
7 S'il était vivant un vrai petit garçon, ce serait trop beau. Geppetto (Pinocchio)
57%
12 On mesure la distance des étoiles, on ne fais pas coucou à la grande ourse. Maui (Vaiana)
40%
13 Je suis un explorateur de la tribu des Wapitis section 54. Russel (La haut)
39%
2 Je veux rester sur terre avec toi. J'ai enfin trouvé le monde auquel j'appartiens. Hercule
37%
10 Ca y est ? On a fait son petit caprice comme un gros bébé ? Vanellope (Les mondes de ralph)
18%
15 Pourquoi à chaque fois qu'on est au bord d'un récif, il faut qu'il y en ait un qui prenne le large ? Marin (Le monde de dory)
17%
5 On appelle ça "la dernière mort" Hector (Coco)
14%
14 Mon fidèle compagnon a chassé cette sorcière, elle est partie chérie. Pongo (Les 101 dalmatiens)
9%
3 Fais lui un peu de place monsieur La Brosse. On a un invité. Bonnie (Toy story 3)
8%
6 Combustion imminente ? Qu'est ce que ça veut dire ? Bob Parr (les indestructibles)
7%
9 Ils sont décidés à te tuer, tu sais. Mais moi j'ai décidé de te laisser en vie. Rouky (Rox et rouky)
5%
4 Au début tu l'a pris whoaaa, alors on s'est dit whaaa et après t'étais whooo. Crush (Le monde de némo)
4%
11 Consacre chaque minute de ta vie à cultiver ce qu'il y a de mieux en toi ! Joe Gardner (Soul)
2%
Aucun quiz correspondant
Distribution des résultats
% des personnes avec chaque résultat
Percentile par nombre de réponses
Votre historique - résultats
Vous n’avez pas pris ce quiz depuis la dernière actualisation